LEADER 00832nam0 2200265 450 001 000010967 005 20080512083430.0 100 $a20080512f19841984km-y0itay50------ba 101 2 $ager$aita 102 $aIT 105 $ay-------001-y 200 1 $aVademekum durch den deutschen alltag$efür studierende der deutschen sprache$fErika Horsel 210 $aNapoli$cIstituto universitario Navale$d[1984?] 215 $a53 p.$d21 cm 676 $a438$v20 700 1$aHorsel,$bErika$0631196 801 0$aIT$bUNIPARTHENOPE$c20080512$gRICA$2UNIMARC 912 $a000010967 951 $a438/103$b25585$cNAVA1 951 $a438/103$b25585$cNAVA1 951 $a438/102$b25584$cNAVA1 951 $a438/101$b25583$cNAVA1 951 $a438/100$b25582$cNAVA1 996 $aVademekum durch den deutschen alltag$91203921 997 $aUNIPARTHENOPE LEADER 01317nam0 22003251i 450 001 UON00488458 005 20231205105321.432 010 $a75-613-3638-1 100 $a20180515d2006 |0itac50 ba 101 $achi 102 $aCN 105 $a|||| 1|||| 200 1 $aZhu men$dThe vermilion gate$fLin Yutang zhu$gXie Qixia yi 210 $aXi'an$cShanxi shifan daxue chubanshe$d2006 215 $a346 p.$cill.$d23 cm 312 $aIn inglese$9UON00488459 510 0$3UON00488459$aˆThe ‰vermilion gate 606 $aCINA$xVita sociale e costumi$x1912-1949$xNarrativa$3UONC093680$2FI 606 $aLetteratura Cinese$xNarrativa$xSec. XX$3UONC000084$2FI 620 $aCN$dXi'an$3UONL001014 686 $aCIN VI BA$cCina - Letteratura moderna e contemporanea - Testi$2A 700 0$aLIN Yutang$3UONV006990$0203963 702 0$aXIE Qixia$3UONV239233 801 $aIT$bSOL$c20250620$gRICA 899 $aSIBA - SISTEMA BIBLIOTECARIO DI ATENEO$2UONSI 912 $aUON00488458 950 $aSIBA - SISTEMA BIBLIOTECARIO DI ATENEO$dSI CIN VI BA 1189 N $eSI 25751 7 1189 N 966 $aLETTERATURA PUNJABI - POESIA E TEATRO$yLetteratura Cinese - Narrativa - Sec. XX$3UONC006913 996 $aZhu men$91741583 997 $aUNIOR